History Quiz

Random History or Year Quiz

Major Events in 'Four' Years Quiz Stats

Quiz Updated Apr 14, 2016

Challenge
Share
Tweet
Embed
Score 0/22 Timer 06:00
0 Plays Today
% Correct
1944
90.6%
1914
88.8%
2014
88.4%
1964
86.5%
1934
85.7%
1994
83.4%
2004
83.1%
1984
81.1%
1954
79.4%
1864
72.3%
1814
72%
% Correct
1904
71.9%
1924
71.8%
1974
71.3%
1804
59.7%
1854
54.4%
1894
48%
1884
37.1%
1874
32.2%
1824
29.1%
1844
27.6%
1834
25.2%

You're not logged in!

Compare scores with friends on all Sporcle quizzes.
Join for Free
OR
Log In

You Might Also Like...

Show Comments

Extras

Top Quizzes Today


Score Distribution

Your Account Isn't Verified!

In order to create a playlist on Sporcle, you need to verify the email address you used during registration. Go to your Sporcle Settings to finish the process.

Report this User

Report this user for behavior that violates our Community Guidelines.

Details: